Logos - (Record no. 1760)
[ view plain ]
| 000 -LEADER | |
|---|---|
| fixed length control field | 003250000a22001090004500 |
| 008 - FIXED-LENGTH DATA ELEMENTS--GENERAL INFORMATION | |
| fixed length control field | 230817t ||||| |||| 00| 0 eng d |
| 942 ## - ADDED ENTRY ELEMENTS (KOHA) | |
| Item Type | Periodicals |
| 245 ## - TITLE STATEMENT | |
| Title | Logos - |
| Remainder of Title | Vol 30 - No 02, June 1991 |
| 246 ## - VARYING FORM OF TITLE | |
| Title | Her Story: |
| Remainder of Title | Case Studies on Violence |
| 260 ## - PUBLICATION, DISTRIBUTION, ETC. (IMPRINT) | |
| Place of Publication | Colombo: |
| Name of Publisher | Centre for Society & Religion, |
| Date of Copyright | 1991 |
| 650 ## - SUBJECT ADDED ENTRY--TOPICAL TERM | |
| Topical Term | Abuse of Girls |
| Withdrawn status | Lost status | Source of classification or shelving scheme | Damaged status | Not for loan | Permanent location | Current location | Date acquired | Total Checkouts | Full call number | Barcode | Date last seen | Price effective from | Koha item type |
|---|---|---|---|---|---|---|---|---|---|---|---|---|---|
| Dewey Decimal Classification | Resource center, Muslim Women's Research And Action Forum | Resource center, Muslim Women's Research And Action Forum | 2023-08-17 | 305.42 LOG | RAF4370 | 2023-08-17 | 2023-08-17 | Books |

